000 00966nam a2200205Ia 4500
001 23667
003 GE_BSU
008 181216s||||||||xx |||||||||||||| ||und||
040 _cGE_BSU
245 _aბუღალტრული აღრიცხვა : №10 (261). მაისი 2018
245 _bსაქართველოს პროფესიონალ ბუღალტერთა და აუდიტორთა ფედერაცია.
245 _cმთავარი რედაქტორი ლავრენტი ჭუმბურიძე.გამოც.რედ:მანანა გველესიანი.
260 _aთბილისი
260 _c2018წელი
300 _a56c;29cm;
653 _aბუღალტერია
653 _aბუღალტრული აღრიცხვა : №10 (261). მაისი 2018
653 _aპერიოდიკა
942 _cCR
999 _c56553
_d56553